Marketingový mix produktu ako súčasti životného štýlu generácie Y diplomová práca

Guardado en:
Detalles Bibliográficos
Autor principal: Halušková, Eva
Autor Corporativo: Obchodná fakulta EU. Katedra marketingu
Otros Autores: Drábik, Peter, 1981-
Formato: Libro
Lenguaje:eslovaco
Publicado: Bratislava 2019
Etiquetas: Agregar Etiqueta
Sin Etiquetas, Sea el primero en etiquetar este registro!

MARC

LEADER 00000nbm a2200000 4500
001 0254109
005 20190704134240.3
041 0 |a slo 
044 |a SK 
245 1 0 |a Marketingový mix produktu ako súčasti životného štýlu generácie Y  |b diplomová práca  |c Eva Halušková ; školiteľ: Peter Drábik 
264 1 |a Bratislava  |c 2019 
300 |a 79 s. 
100 1 |a Halušková, Eva 
700 1 |a Drábik, Peter, 1981- 
710 2 |a Obchodná fakulta EU. Katedra marketingu